000 00480nmm a2200157Ia 4500
008 251105s9999||||xx |||||||||||||||||und||
020 _a9788412573541
041 _aspa
100 _aSierra i Fabra, Jordi
245 0 _aLas historias perdidas
264 _a[Madrid, España] :
_bEditorial SiF,
_c[Fecha de publicación no identificada]
300 _a0 páginas
650 _aTeen & Young Adult Books
856 _uhttps://public.digitaliapublishing.com/a/122818
942 _cCF
999 _c76272
_d76272